000 00561nam a2200193Ia 4500
003 GCL
008 140319s9999 xx 000 0 ara d
040 _aGCL /
_cGCL
082 0 4 _aط
_b371.3333
_bو س \\=aالمركز العالمى للاعلامv
245 1 0 _aالوردة الصفراء
260 _a[S.N] :
_bسفير
490 _a
650 0 4 _aتعليم
650 0 4 _aاشرطة التسجيل
650 0 4 _aالوسائل السمعية والبصرية
650 0 4 _aاطفال
650 0 4 _aمواد غير مطبوعة
942 _2ddc
_cBK
999 _c57047
_d57047